000
00334nam a2200133Ia 4500
005
20251222155145.0
008
251222s9999||||xx |||||||||||||| ||spa||
082
_a
PED.56.1-2
100
_a
MEDRANO RIOS,Mery.
245
0
_a
NIÑOS Guía de atención para el menor de 5 años
250
_a
1ra. ed.
264
_b
Minsa
942
_c
LIB
999
_c
39333
_d
39333